[Event "Heraklion Gazi op"]
[Site "Heraklion"]
[Date "2005.09.30"]
[Round "4"]
[White "Kokolakis, Nikolaos"]
[Black "Kontaki, Maria"]
[Result "1-0"]
[WhiteElo "1000"]
[BlackElo "1220"]
[PlyCount "48"]
[EventDate "2005.09.27"]
[EventType "swiss"]
[EventRounds "7"]
[EventCountry "GRE"]
[SourceTitle "EXT 2007"]
[Source "ChessBase"]
[SourceDate "2006.11.23"]
[SourceVersion "1"]
[SourceVersionDate "2006.11.23"]
[SourceQuality "1"]

1. d4 d5 2. Bg5 Nf6 3. Nc3 Nc6 4. e3 Bf5 5. Bd3 Bxd3 6. Qxd3 Nb4 7. Qb5+ Nc6 8. Bxf6 exf6 9. a3 Rb8 10. Nge2 a6 11. Qxd5 Bd6 12. Ng3 0-0 13. Nf5 Ne7 14. Nxe7+ Qxe7 15. Ne4 c6 16. Qf5 g6 17. Qf3 c5 18. Nxf6+ Kg7 19. Nd5 Qe6 20. dxc5 Bxc5 21. 0-0 Rbd8 22. c4 b5 23. Nf4 Qxc4 24. Rac1 Qd5 1-0